Chaussures de sport par indices - Statistiques

Statistiques générales
  • Ce quiz a été pris 185 fois
  • Le résultat moyen est 5 sur 12
Statistiques - réponses
Hint Réponse % Correct
Pour commencer: la virgule.Vaporfly, alphafly... Nike
100%
Adizero, partenaire du 10km de paris Adidas
97%
Partenaire de Neymar, nom d'un animal. Puma
96%
En ce moment cette marque crée des chassures de ville rétros, N-B. New-Balance
73%
Vendu chez Décathlon, Mestaspeed, Gel confortable... Asics
56%
Pour les fans de trail, un personnage historique ou encore Mathieu Blanchard Salomon
43%
Bien vendu chez les triathlètes, commence par un H, partenaire de grandes courses. Hoka
24%
Marque asiatique, partenaire de Dorian Louvet si tu connais. Commence par un M. Mizuno
14%
Tout nouveau dans le marché, connu pour la Cloud et la semmelle spéciale. On
11%
Connais-tu la ****** Endorphine ? Commence par un S. Saucony
9%
Peu connu pour les performeurs, Ghost, commence par un B Brooks
7%
Plus connu pour du vélo, commence par un S. Scott
4%
Aucun quiz correspondant
Distribution des résultats
% des personnes avec chaque résultat
Percentile par nombre de réponses
Votre historique - résultats
Vous n’avez pas pris ce quiz